000 00473nam a2200181Ia 4500
005 20250326123757.0
008 250326s9999 xx 000 0 und d
037 _aTextbook
040 _aFMSL
_beng
_cFMSL
041 _aeng
_2eng
084 _aS K6
_qFMSL
100 _aMaslow A H
245 0 _aEupsychian management: journal
_cMaslow A H
260 _aUSA
_bUSA, Richard D. Irwin
_c1966
300 _a277p
942 _cTB
_hS K6
999 _c1270919
_d1270919